[Event "Milan Crespi op-A 34th"]
[Site "Milan"]
[Date "2013.12.04"]
[Round "1"]
[White "Ciciotti, Augusto Walter"]
[Black "Dogic, Mirhad"]
[Result "1/2-1/2"]
[WhiteElo "1934"]
[BlackElo "1801"]
[PlyCount "79"]
[EventDate "2013.12.04"]
[EventType "swiss"]
[EventRounds "7"]
[EventCountry "ITA"]
[SourceTitle "EXT 2024"]
[Source "ChessBase"]
[SourceDate "2023.10.10"]
[SourceVersion "1"]
[SourceVersionDate "2023.10.10"]
[SourceQuality "1"]

1. d4 d5 2. Nf3 f5 3. g3 e6 4. Bg2 Nf6 5. 0-0 Be7 6. c4 c6 7. b3 0-0 8. Ba3 Ne4 9. Bxe7 Qxe7 10. Qc2 Nd7 11. Nbd2 Ndf6 12. c5 Bd7 13. Ne5 Be8 14. Ndf3 Rc8 15. Nd3 Nh5 16. Nfe5 Nhf6 17. Rac1 Ng5 18. a4 Nd7 19. Nxd7 Bxd7 20. Qd2 Nf7 21. f3 e5 22. dxe5 Nxe5 23. Rfe1 Ng6 24. e4 fxe4 25. fxe4 d4 26. Qb2 Rcd8 27. b4 Kh8 28. Qxd4 Bg4 29. Qe3 Ne5 30. Nxe5 Qxe5 31. b5 h6 32. Qc3 Rd4 33. bxc6 bxc6 34. Qa5 Rf7 35. Qa6 Rd2 36. Rf1 Qd4+ 37. Kh1 Bh3 38. Bxh3 Qxe4+ 39. Kg1 Qe3+ 40. Kh1 1/2-1/2

[Event "Milan Palladino Memorial"]
[Site "Milan"]
[Date "2009.04.10"]
[Round "1"]
[White "Messina, Marco"]
[Black "Dogic, Mirhad"]
[Result "1/2-1/2"]
[WhiteElo "2063"]
[BlackElo "1709"]
[PlyCount "120"]
[EventDate "2009.04.10"]
[EventType "swiss"]
[EventRounds "6"]
[EventCountry "ITA"]
[SourceTitle "EXT 2011"]
[Source "ChessBase"]
[SourceDate "2010.11.26"]
[SourceVersion "1"]
[SourceVersionDate "2010.11.26"]
[SourceQuality "1"]

1. e4 e6 2. Qe2 d6 3. g3 Nc6 4. c3 Nf6 5. Bg2 Be7 6. f4 0-0 7. Nf3 Nd7 8. 0-0 e5 9. d4 exf4 10. Bxf4 Nf6 11. Nbd2 Nh5 12. Be3 Bg4 13. Qd3 g6 14. Rae1 a6 15. Qc4 Na5 16. Qd3 Bf6 17. h3 Bc8 18. Kh2 Bg7 19. g4 Nf6 20. e5 dxe5 21. Nxe5 Nd5 22. Bg5 f6 23. Bh4 g5 24. Bxg5 fxg5 25. Rxf8+ Bxf8 26. Be4 Nf4 27. Bxh7+ Kg7 28. Qe4 Bd6 29. Ndf3 Qf6 30. Rf1 Be6 31. Nxg5 Qxg5 32. Rxf4 Rh8 33. Bf5 Bd5 34. Qxd5 Qxf4+ 35. Kg2 Bxe5 36. dxe5 Qc4 37. Qxa5 Rd8 38. Qb4 Qe2+ 39. Kg3 Qxe5+ 40. Kf3 Qe1 41. Qc5 c6 42. Qb6 Qe7 43. Qe3 Qf6 44. Qb6 Qe7 45. Qe3 Qf6 46. Qb6 Rd7 47. Qe3 Re7 48. Qd4 a5 49. Qxf6+ Kxf6 50. h4 Re1 51. Bd3 Rd1 52. Ke3 Rh1 53. h5 Kg5 54. b4 b6 55. bxa5 bxa5 56. Kd4 Kxg4 57. a4 Kf4 58. Bg6 Ra1 59. h6 Rxa4+ 60. Kc5 Ra1 1/2-1/2

[Event "Milan Crespi op-B 28th"]
[Site "Milan"]
[Date "2007.12.06"]
[Round "1"]
[White "Dogic, Mirhad"]
[Black "Fiorelli, Paolo"]
[Result "0-1"]
[WhiteElo "1759"]
[BlackElo "1500"]
[PlyCount "114"]
[EventDate "2007.12.06"]
[EventType "swiss"]
[EventRounds "6"]
[EventCountry "ITA"]
[SourceTitle "EXT 2009"]
[Source "ChessBase"]
[SourceDate "2008.11.26"]
[SourceVersion "1"]
[SourceVersionDate "2008.11.26"]
[SourceQuality "1"]

1. e4 c5 2. Nf3 d6 3. c3 Nf6 4. d3 g6 5. g3 Bg7 6. Bg2 Nc6 7. 0-0 0-0 8. Nbd2 Bd7 9. Nc4 Qc8 10. Ne3 Bh3 11. Bxh3 Qxh3 12. Ng5 Qd7 13. Nd5 Nxd5 14. exd5 Ne5 15. h3 Qf5 16. g4 Qxd3 17. Qxd3 Nxd3 18. Ne4 f5 19. gxf5 Rxf5 20. Rb1 Nxc1 21. Rbxc1 Rxd5 22. Kg2 b5 23. Rfe1 Re5 24. f4 Rf5 25. Rf1 Raf8 26. Ng5 Rxf4 27. Rxf4 Rxf4 28. Ne6 Re4 29. Nc7 Re2+ 30. Kf3 Rxb2 31. Ke4 a5 32. Kd3 b4 33. cxb4 axb4 34. Nd5 Bf6 35. Rf1 Rxa2 36. Kc4 Ra3 37. Rh1 b3 38. h4 b2 39. Rb1 Ra1 40. Nxf6+ exf6 41. Rxb2 Ra4+ 42. Kd5 Rd4+ 43. Ke6 Rxh4 44. Kxf6 Rf4+ 45. Ke6 c4 46. Kxd6 c3 47. Rb8+ Rf8 48. Rb1 c2 49. Rc1 Rc8 50. Ke6 Kg7 51. Ke5 h6 52. Kf4 Kf6 53. Kg3 Kf5 54. Kf3 Rc3+ 55. Kg2 Ke4 56. Kf2 Kd3 57. Ke1 h5 0-1